[Event "IBM-B"]
[Site "Amsterdam"]
[Date "1971.??.??"]
[Round "9"]
[White "Enklaar, Bertus F"]
[Black "Van Geet, Dirk Daniel"]
[Result "1/2-1/2"]
[WhiteElo "2400"]
[BlackElo "2380"]

1.d4 d5 2.c4 Nc6 3.Nc3 Nf6 4.Nf3 Bg4 5.cxd5 Nxd5 6.e4 Bxf3 7.gxf3 Nxc3 8.bxc3 e5
9.Bb5 Bd6 10.d5 a6 11.dxc6 axb5 12.cxb7 Rb8 13.Rg1 Qf6 14.Qd5 O-O 15.Ke2 Qe6
16.Qxb5 Rfd8 17.Qb3 Rxb7 18.Qxe6 fxe6 19.Rd1 Ra8 20.Be3 Ba3 21.Rab1 Bb2 22.Rd2 Rxa2
23.Rc2 Bxc3 24.Rxb7 Rxc2+ 25.Kd3 Rb2 26.Rxc7 Be1 27.Rc2  1/2-1/2

[Event "Skopje ol (Men) prel"]
[Site "Skopje"]
[Date "1972.??.??"]
[Round "1"]
[White "Petrosian, Tigran V"]
[Black "Boey, Josef"]
[Result "1-0"]
[WhiteElo "2645"]
[BlackElo "2390"]

1.d4 d5 2.c4 Nc6 3.Nc3 dxc4 4.e3 Nf6 5.Bxc4 e6 6.Nf3 Bb4 7.Qc2 O-O 8.a3 Bxc3+
9.bxc3 Na5 10.Bd3 c5 11.O-O c4 12.Be2 b6 13.a4 Bb7 14.Nd2 Re8 15.Ba3 e5 16.dxe5 Rxe5
17.Rad1 Qe8 18.Nf3 Be4 19.Qa2 Bxf3 20.Bxf3 Ne4 21.Rd4 Rc8 22.Qc2 f5 23.Rfd1 Nb3
24.Rd7 a6 25.Bxe4 fxe4 26.Qe2 Re6 27.Qg4 Rg6 28.Qh4 Rf6 29.Be7  1-0

[Event "Skopje ol (Men) fin-B"]
[Site "Skopje"]
[Date "1972.??.??"]
[Round "8"]
[White "Keene, Raymond D"]
[Black "Boey, Josef"]
[Result "1/2-1/2"]
[WhiteElo "2435"]
[BlackElo "2390"]

1.d4 d5 2.c4 Nc6 3.Nc3 dxc4 4.Nf3 Nf6 5.e3 e6 6.Bxc4 Bb4 7.O-O O-O 8.a3 Bxc3
9.bxc3 b6 10.Bd3 Qd5 11.c4 Qh5 12.Bb2 Bb7 13.e4 Rad8 14.Re1 Nd7 15.Bc3 Ne7
16.Nd2 Qxd1 17.Raxd1 c5 18.d5 e5 19.a4 a5 20.Be2 Nc8 21.Bg4 Rfe8 22.Rb1 Ba6
23.g3 f6 24.Kg2 Kf8 25.f4 Ke7 26.fxe5 fxe5 27.Rf1 Nd6 28.Bxd7 Rxd7 29.Rxb6 Bxc4
30.Re1 Bd3 31.Bxe5 Bc2 32.Bxd6+ Rxd6 33.Rxd6 Kxd6 34.Nc4+ Kc7 35.e5 Bb3 36.d6+ Kd7
37.Nxa5 Bd5+ 38.Kg1 Ra8 39.Rd1 Bf3 40.Rd2 Rxa5 41.e6+ Kd8 42.Rf2 Ra6 43.Rxf3 Rxd6
44.Rf8+ Ke7 45.Rf7+ Kxe6 46.Rxg7 Rd1+ 47.Kf2  1/2-1/2

[Event "Hoogovens-B"]
[Site "Wijk aan Zee"]
[Date "1972.??.??"]
[Round "?"]
[White "Enklaar, Bertus F"]
[Black "Cortlever, Nicolaas"]
[Result "1-0"]
[WhiteElo "2410"]
[BlackElo "2405"]

1.d4 d5 2.c4 Nc6 3.Nc3 Nf6 4.Nf3 dxc4 5.e4 Bg4 6.Be3 Bxf3 7.gxf3 e5 8.d5 Ne7
9.Bxc4 Ng6 10.Qb3 Bd6 11.Qxb7 O-O 12.Qb3 Nh5 13.O-O-O Qf6 14.Rdg1 Ngf4 15.h4 a5
16.Rg4 Rfb8 17.Qc2 Kh8 18.Kb1 g6 19.Bb5 Rf8 20.a4 Qe7 21.Bc6 Rab8 22.Nb5 f5
23.Rgg1 fxe4 24.fxe4 Rf7 25.Ba7 Rd8 26.Nxd6 Rxd6 27.Bc5 Nf6 28.f3 Ng8 29.Qd2 Qd8
30.Rd1 Ne7 31.Qc3 Kg8 32.Bb5 Nexd5 33.exd5 Nxd5 34.Qb3  1-0

[Event "Australia op"]
[Site "Australia"]
[Date "1973.??.??"]
[Round "3"]
[White "Purdy, Cecil John Seddon"]
[Black "Thompson, P."]
[Result "1/2-1/2"]
[WhiteElo "2250"]
[BlackElo "2200"]

1.d4 d5 2.c4 Nc6 3.Nf3 Bg4 4.cxd5 Bxf3 5.exf3 Qxd5 6.Be3 e5 7.Nc3 Bb4 8.dxe5 Qxe5
9.Rc1 Nf6 10.Bc4 O-O 11.O-O Bd6 12.f4 Qf5 13.Nb5 Rad8 14.Qf3 Na5 15.Nxd6 Rxd6
16.Bc5 Nxc4 17.Rxc4 Rc6 18.Rfc1 Re8 19.h3 a6 20.b4 h5 21.a4 Re4 22.g4 hxg4
23.hxg4 Qd5 24.Rxe4 Qxe4 25.Qxe4 Nxe4 26.f3 Nxc5 27.b5 axb5 28.axb5 Rb6 29.Rxc5  1/2-1/2

[Event "Stary Smokovec"]
[Site "Stary Smokovec"]
[Date "1973.??.??"]
[Round "9"]
[White "Plachetka, Jan"]
[Black "Szilagyi, Gyorgy"]
[Result "0-1"]
[WhiteElo "2445"]
[BlackElo "2350"]

1.d4 d5 2.c4 Nc6 3.Nf3 Bg4 4.cxd5 Bxf3 5.dxc6 Bxc6 6.Nc3 e6 7.e4 Bb4 8.f3 f5
9.Bc4 Qh4+ 10.g3 Qe7 11.O-O O-O-O 12.Qb3 fxe4 13.Bxe6+ Kb8 14.fxe4 Nf6 15.Be3 Bxc3
16.bxc3 Bxe4 17.Rac1 Rhe8 18.Bh3 Qd6 19.Bf4 Qd5 20.Be5 Rxe5 21.dxe5 Qxe5
22.Rf2 Qh5 23.Be6 Bc6 24.Qc4 a6 25.Qe2 Qa5 26.Qc4 Re8 27.Rb1 Bb5 28.Qb3 Qb6
29.Bf5 g6  0-1

[Event "Arrecife de Lanzarote"]
[Site "Arrecife de Lanzarote"]
[Date "1974.??.??"]
[Round "3"]
[White "Quinteros, Miguel A"]
[Black "Kavalek, Lubomir"]
[Result "1-0"]
[WhiteElo "2520"]
[BlackElo "2565"]

1.d4 d5 2.c4 Nc6 3.cxd5 Qxd5 4.Nf3 e5 5.Nc3 Bb4 6.e3 Bg4 7.Be2 exd4 8.O-O Bxf3
9.gxf3 d3 10.Qxd3 Qxd3 11.Bxd3 Bxc3 12.bxc3 O-O-O 13.Rd1 Nge7 14.Bb2 Rd7
15.Be2 Rhd8 16.Rxd7 Rxd7 17.Rd1 Rxd1+ 18.Bxd1 Na5 19.Be2 Kd7 20.c4 g6 21.Bc3 Nec6
22.c5 b6 23.cxb6 axb6 24.Kg2 Nb7 25.Kg3 Ncd8 26.Kf4 Ne6+ 27.Ke5 Ke7 28.Kd5 Nbd8
29.a4 c6+ 30.Kc4 Nb7 31.Kb4 Nd6 32.Ka3 Ng5 33.f4 Nh3 34.Bf3 c5 35.Be1 Ng1
36.Bd5 Nf5 37.Kb3 f6 38.Kc4 Nd6+ 39.Kd3 g5 40.fxg5 fxg5 41.f4 h6 42.fxg5 hxg5
43.h4 gxh4 44.Bxh4+ Kd7 45.Bg2 c4+ 46.Kd2 b5 47.axb5 Nxb5 48.Bf2 c3+ 49.Kd1 c2+
50.Kxc2 Ne2 51.Bf1 Nbc3 52.Bxe2 Nxe2 53.Kd2  1-0

[Event "Stary Smokovec"]
[Site "Stary Smokovec"]
[Date "1974.??.??"]
[Round "12"]
[White "Peev, Peicho Chonev"]
[Black "Szilagyi, Gyorgy"]
[Result "1-0"]
[WhiteElo "2425"]
[BlackElo "2360"]

1.d4 d5 2.c4 Nc6 3.Nc3 Nf6 4.cxd5 Nxd5 5.e4 Nxc3 6.bxc3 e5 7.d5 Nb8 8.Nf3 Bd6
9.Be2 O-O 10.O-O Nd7 11.Be3 Qe7 12.Rb1 b6 13.Nd2 Nc5 14.Bg4 g6 15.Bh6 Re8
16.Bxc8 Raxc8 17.Qg4 Qd7 18.Qxd7 Nxd7 19.Nc4 Bf8 20.Bxf8 Rxf8 21.Rfe1 f6
22.Rbd1 Kf7 23.g3 Ke7 24.f3 Rfd8 25.Kf2 a5 26.h4 Ra8 27.h5 b5 28.Ne3 b4 29.Rh1 g5
30.d6+ cxd6 31.Nf5+ Kf8 32.Rxd6 bxc3 33.Rc1 Rac8 34.Ke2 Rc7 35.Ne3 Rb8 36.Nd5 Rb2+
37.Ke3 Rcb7 38.Rxc3 Rxa2 39.Rd3 Rb1 40.Rd2 Rb3+ 41.Ke2 Rxd2+ 42.Kxd2 Ke8
43.Re6+ Kf8 44.Ra6 Ke8 45.Re6+ Kd8 46.Re7 Rxf3 47.Rxh7 Nc5 48.h6 Nxe4+ 49.Ke2 g4
50.Rg7 Ng5 51.Rg8+ Kd7 52.Rxg5 fxg5 53.h7 Rf8 54.Nf6+  1-0

[Event "IBM-B"]
[Site "Amsterdam"]
[Date "1975.??.??"]
[Round "1"]
[White "Farago, Ivan"]
[Black "Boey, Josef"]
[Result "1-0"]
[WhiteElo "2460"]
[BlackElo "2430"]

1.d4 d5 2.c4 Nc6 3.Nf3 Bg4 4.e3 e6 5.Nbd2 Bb4 6.a3 Bxd2+ 7.Bxd2 Nf6 8.Be2 O-O
9.O-O dxc4 10.Rc1 Ne4 11.Rxc4 Bxf3 12.gxf3 Nxd2 13.Qxd2 e5 14.d5 Qd6 15.Rd1 Ne7
16.Qb4 Rfc8 17.Rdc1 a5 18.Qxd6 cxd6 19.Rc7 Rxc7 20.Rxc7 Nxd5 21.Rxb7 Nf6
22.e4 Nh5 23.Bc4 Nf4 24.Bxf7+ Kh8 25.Re7 Nd3 26.b3 Nc5 27.Kf1 g6 28.b4 axb4
29.axb4 Nd3 30.b5 Nf4 31.Re8+ Rxe8 32.Bxe8 Ne6 33.b6 Nc5 34.Bc6 Kg7 35.Ke2 Kf6
36.b7 Na6 37.Bb5 Nb8 38.Kd3 Ke6 39.Kc4 g5 40.Ba4 h5 41.h3 h4 42.Kb5 d5 43.Bb3 Kd6
44.Bxd5 Kc7 45.Ka5 Nd7 46.Ka6 Kb8 47.Kb5 Nf8 48.Kc6 Ng6 49.Be6 Nf4 50.Bc8 Nd3
51.Kd5 g4 52.fxg4 Nf4+ 53.Kxe5 Nxh3 54.f4 Nf2 55.g5 Nd3+ 56.Kf6 Nxf4 57.g6  1-0

[Event "IBM-B"]
[Site "Amsterdam"]
[Date "1975.??.??"]
[Round "5"]
[White "Enklaar, Bertus F"]
[Black "Boey, Josef"]
[Result "0-1"]
[WhiteElo "2410"]
[BlackElo "2430"]

1.d4 d5 2.c4 Nc6 3.Nc3 dxc4 4.Nf3 Nf6 5.e4 Bg4 6.Be3 e6 7.a3 Na5 8.Qa4+ c6
9.Bxc4 Bxf3 10.gxf3 b5 11.Bxb5 cxb5 12.Nxb5 Nc6 13.d5 exd5 14.exd5 Qa5+ 15.Qxa5 Nxa5
16.Nc7+ Kd7 17.Nxa8 Bd6 18.Bxa7 Rxa8 19.Be3 Be5 20.O-O-O Rb8 21.b4 Nc4 22.Bd4 Bxd4
23.Rxd4 Nxa3 24.Rg1 Nb5 25.Rh4 g6 26.Kb2 Nd6 27.Kb3 Nf5 28.Rc4 Nxd5 29.Ra1 Nxb4
30.Ra7+ Kd6 31.Rxf7 Nc6+ 32.Kc3 Ne5 33.Rf6+ Ke7 34.Rxf5 Nxc4 35.Rc5 Nb6 36.Kd4 Nd7
37.Ra5 Rb6 38.f4 Kf6 39.h4 Rb4+ 40.Ke3 h5 41.Kf3 Nf8 42.Ra6+ Ne6 43.Kg3 Rb3+
44.f3 Rb4  0-1

[Event "BCF-ch"]
[Site "Portsmouth"]
[Date "1976.08.10"]
[Round "2"]
[White "McDonald Ross, Michael"]
[Black "Cafferty, Bernard"]
[Result "1-0"]
[WhiteElo "2280"]
[BlackElo "2310"]

1.d4 d5 2.c4 Nc6 3.Nc3 Nf6 4.Nf3 Bg4 5.cxd5 Nxd5 6.e4 Nxc3 7.bxc3 e5 8.d5 Bxf3
9.Qxf3 Na5 10.Qg3 Qd6 11.Be3 f6 12.Be2 g6 13.O-O Bg7 14.Kh1 O-O 15.f4 b6
16.h4 f5 17.exf5 Rxf5 18.Bg4 Rff8 19.Be6+ Kh8 20.h5 Nc4 21.f5 Nxe3 22.Qxe3 gxh5
23.Rf3 Rf6 24.Rh3 Rh6 25.g4 Rxe6 26.dxe6 hxg4 27.Qe4 Rg8 28.Rh4 g3 29.Rg4 Bf6
30.Rxg8+ Kxg8 31.Rg1 Kf8 32.Qf3 e4 33.Qxg3 Qxg3 34.Rxg3 Ke7 35.Rh3 b5 36.Rxh7+ Ke8
37.Rxc7  1-0

[Event "Bagby"]
[Site "San Francisco"]
[Date "1977.??.??"]
[Round "?"]
[White "Kane, George Francis"]
[Black "Silman, Jeremy D"]
[Result "1-0"]
[WhiteElo "2330"]
[BlackElo "2360"]

1.d4 d5 2.c4 Nc6 3.Nc3 dxc4 4.Nf3 Nf6 5.d5 Na5 6.Qa4+ c6 7.b4 b5 8.Qxa5 Qxa5
9.bxa5 b4 10.Na4 cxd5 11.Be3 e6 12.Bd4 Bd7 13.Nc5 Bb5 14.e4 a6 15.e5 Nd7
16.Nxd7 Kxd7 17.Ng5 Ke8 18.f4 Be7 19.Be2 Bd8 20.O-O Bxa5 21.f5 Bd8 22.f6 g6
23.Bc5 Rc8 24.Bxb4 Bb6+ 25.Kh1 Rc7 26.Bd6 Rd7 27.a4 Bc6 28.Rab1 Ba7 29.Bg4 h6
30.Nxe6 fxe6 31.Bxe6 Rxd6 32.exd6 Rf8 33.f7+ Kd8 34.Rf6  1-0

[Event "Stary Smokovec"]
[Site "Stary Smokovec"]
[Date "1977.??.??"]
[Round "12"]
[White "Moehring, Guenther"]
[Black "Szilagyi, Gyorgy"]
[Result "1/2-1/2"]
[WhiteElo "2405"]
[BlackElo "2370"]

1.d4 d5 2.c4 Nc6 3.cxd5 Qxd5 4.e3 e5 5.Nf3 Nf6 6.Be2 Bb4+ 7.Nc3 exd4 8.exd4 Ne4
9.Bd2 Bxc3 10.bxc3 Nxd2 11.Qxd2 O-O 12.O-O Bf5 13.Nh4 Be4 14.f3 Bg6 15.Nxg6 hxg6
16.Rab1 b6 17.f4 Rae8 18.Bd3 Ne7 19.Rbe1 Nf5 20.Qf2 c5 21.Bxf5 gxf5 22.dxc5 bxc5
23.c4 Qxc4 24.Rc1 Qa6 25.Qxc5 Qxa2  1/2-1/2

[Event "Espergarde op"]
[Site "Espergarde"]
[Date "1978.??.??"]
[Round "3"]
[White "Knudsen, Ole Scott"]
[Black "Schultz Pedersen, Jesper"]
[Result "0-1"]
[WhiteElo "2290"]
[BlackElo "2200"]

1.d4 d5 2.c4 Nc6 3.Nf3 Bg4 4.cxd5 Bxf3 5.dxc6 Bxc6 6.Nc3 Nf6 7.f3 e5 8.dxe5 Nd7
9.Bf4 Bc5 10.e4 O-O 11.Bc4 Qe7 12.e6 fxe6 13.Bg3 Bb6 14.Qe2 Rad8 15.a3 Nf6
16.Rd1 Nh5 17.Rxd8 Rxd8 18.Be5 Kh8 19.h4 Bd4 20.g4 Bxe5 21.gxh5 Bxc3+ 22.bxc3 Qxa3
23.Kf2 Qxc3 24.Rd1 Qf6 25.Rxd8+ Qxd8  0-1

[Event "Lone Pine op"]
[Site "Lone Pine"]
[Date "1979.??.??"]
[Round "9"]
[White "Ree, Hans"]
[Black "Sahovic, Dragutin"]
[Result "1/2-1/2"]
[WhiteElo "2480"]
[BlackElo "2520"]

1.c4 Nc6 2.d4 d5 3.Nf3 Bg4 4.Nc3 e6 5.e3 Nf6 6.h3 Bxf3 7.Qxf3 Bb4 8.cxd5 exd5
9.Bd3 O-O 10.O-O Re8 11.Bd2 a6 12.Rfc1 Qd6 13.a3 Bxc3 14.Bxc3 Ne4 15.Be1 Re6
16.b4 Ne7 17.a4 Ng6 18.Qh5 Rae8 19.b5 axb5 20.axb5 Nf8 21.Ra7 Rb8 22.Qd1 Ree8
23.Qc2 Re7 24.Ba5 b6 25.Be1 c5 26.Rxe7 Qxe7 27.Bxe4 dxe4 28.dxc5 bxc5 29.Qxc5 Qxc5
30.Rxc5 Ne6 31.Re5 Nc7 32.Rxe4 Nxb5 33.Rb4 f6 34.f3 Kf7 35.Bg3 Rb7 36.Kf2 Ke6
37.e4 Kd7 38.f4 Kc6 39.f5 Ra7 40.e5 fxe5 41.Bxe5 Nd6 42.g4 Kd5 43.Bxd6 Kxd6
44.Re4 g6 45.Kg3 gxf5 46.gxf5 Kd5 47.Re6 Ra4 48.Re7 h6 49.Re2 Ra6 50.Kg4 Rb6
51.Re8 Ra6 52.h4 Rb6  1/2-1/2

[Event "Sao Paulo"]
[Site "Sao Paulo"]
[Date "1979.??.??"]
[Round "?"]
[White "Sunye Neto, Jaime"]
[Black "Van Riemsdijk, Herman C"]
[Result "1-0"]
[WhiteElo "2375"]
[BlackElo "2390"]

1.c4 Nc6 2.d4 d5 3.e3 e6 4.Nf3 Nf6 5.Nc3 Bd6 6.c5 Be7 7.Bb5 O-O 8.Bxc6 bxc6
9.Ne5 Qe8 10.Qa4 Bb7 11.O-O a5 12.Re1 Kh8 13.Bd2 Nd7 14.Nxd7 Qxd7 15.e4 dxe4
16.Nxe4 Rfd8 17.Bxa5 f5 18.Nd2 e5 19.Nb3 e4 20.Qc4 Ba6 21.Qc1 Bf6 22.Bd2 Qd5
23.Bf4 Rd7 24.Qc3 Re8 25.Rac1 g5 26.Be5 Bxe5 27.dxe5 Qxe5 28.Qxe5+ Rxe5 29.Na5 Re6
30.Rcd1 Rde7 31.Nb3 Re5 32.Rd8+ Re8 33.Rxe8+ Rxe8 34.Nd4 f4 35.Nxc6 e3 36.fxe3 fxe3
37.Nb4 Bb5 38.b3 Re5 39.Nc2 Rxc5 40.Nxe3 Kg7 41.Rd1 Bc6 42.Rd2 Be4 43.Kf2 Kf6
44.Nc4 Bd5 45.Rd4 h5 46.g3 Be6 47.Ke2 Rf5 48.Ne3 Ra5 49.Rd2 h4 50.gxh4 gxh4
51.Kd3 Ke7 52.Kc3 h3 53.a4 Re5 54.Nc4 Rg5 55.Ne3 Re5 56.Rd3 Bd7 57.Nd5+ Kf7
58.Rf3+ Kg7 59.Nf4 Rc5+ 60.Kd3 Rc1 61.Nxh3 Be6 62.b4 c5 63.b5 Ra1 64.Ng5 Bg8
65.Rf4 Ra3+ 66.Kd2 c4 67.Ne4 Rxa4 68.Nc3 Ra8 69.Ke3 Rd8 70.Rd4 Re8+ 71.Kf4 Rf8+
72.Ke5 Rf3 73.Rg4+ Kh8 74.Rg3 Rf2 75.Kd6 Rf6+ 76.Kc5 Be6 77.b6 Bd7 78.b7 Rc6+
79.Kb5 Rc8+ 80.Kb6 Rc6+ 81.Ka5  1-0

[Event "AUT-ch"]
[Site "AUT"]
[Date "1981.??.??"]
[Round "1"]
[White "Danner, Georg"]
[Black "Mikenda, Werner"]
[Result "1/2-1/2"]
[WhiteElo "2410"]
[BlackElo "2200"]

1.d4 d5 2.c4 Nc6 3.Nc3 Nf6 4.Nf3 Bf5 5.cxd5 Nxd5 6.Qb3 e6 7.e4 Nxc3 8.exf5 Nd5
9.fxe6 fxe6 10.Bd2 Bb4 11.Bxb4 Ndxb4 12.a3 Qd5 13.Qxd5 Nxd5 14.Bb5 Ne7 15.Ne5 Rd8
16.Bxc6+ Nxc6 17.Nxc6 bxc6 18.Rd1 Rd5 19.Ke2 Ke7 20.Rd2 Rhd8 21.Rc1 R8d6
22.f4 g5 23.g3 gxf4 24.gxf4 Rxd4 25.Rxd4 Rxd4 26.Rxc6 Kd7 27.Ke3 Rd5 28.Rc2 a5
29.Ke4 Kd6 30.Rg2 Rh5 31.Rd2+ Rd5 32.Rc2 Rf5 33.h4 Rd5 34.Rg2 Rb5 35.Kf3 a4
36.Ke4 Rd5 37.Rc2 Rd1 38.Rc4 Rh1 39.Rd4+ Ke7 40.Rxa4 Rxh4 41.Rc4 Kd6 42.Rd4+ Ke7
43.b4 Rh1 44.a4 c5 45.bxc5 Rc1 46.a5 Rxc5 47.Ra4 Rc7 48.a6 Ra7 49.Ke5 h5
50.Ra1 Kd7 51.Kf6 h4 52.Rd1+ Kc8  1/2-1/2

[Event "AUT-ch"]
[Site "AUT"]
[Date "1981.??.??"]
[Round "5"]
[White "Zoebisch, Herbert"]
[Black "Wittmann, Walter"]
[Result "0-1"]
[WhiteElo "2215"]
[BlackElo "2380"]

1.d4 d5 2.c4 Nc6 3.Nf3 Bg4 4.cxd5 Bxf3 5.dxc6 Bxc6 6.Nc3 e6 7.e4 Bb4 8.f3 Qh4+
9.g3 Qh5 10.Bd3 O-O-O 11.Be3 Ba5 12.O-O Bb6 13.Be2 Qa5 14.a3 Nf6 15.b4 Qh5
16.b5 e5 17.bxc6 exd4 18.Na4 dxe3 19.Nxb6+ axb6 20.cxb7+ Kxb7 21.Qb3 Nxe4
22.Qc4 Nd2 23.Qa6+ Kb8 24.Rab1 Nxf1 25.Rxf1 Qd5 26.a4 Qa8 27.Qc4 Rd2 28.Rc1 Rc8
29.f4 Qd5 30.Qa6 Rd8 31.Rb1 Qe4 32.Rf1 Rxe2  0-1

[Event "AUT-ch"]
[Site "AUT"]
[Date "1981.??.??"]
[Round "6"]
[White "Mikenda, Werner"]
[Black "Wittmann, Walter"]
[Result "1/2-1/2"]
[WhiteElo "2200"]
[BlackElo "2380"]

1.d4 d5 2.c4 Nc6 3.Nc3 Nf6 4.Nf3 Bg4 5.cxd5 Nxd5 6.e4 Nxc3 7.bxc3 e5 8.Bb5 exd4
9.Bxc6+ bxc6 10.Qxd4 Qxd4 11.Nxd4 c5 12.Nb5 Bd6 13.Nxd6+ cxd6  1/2-1/2

[Event "Biel"]
[Site "Biel"]
[Date "1981.??.??"]
[Round "?"]
[White "Partos, Charles"]
[Black "Cuartas, Carlos"]
[Result "0-1"]
[WhiteElo "2425"]
[BlackElo "2430"]

1.d4 d5 2.c4 Nc6 3.Nf3 Bg4 4.e3 e6 5.h3 Bxf3 6.Qxf3 Nf6 7.Nc3 Bd6 8.Bd2 dxc4
9.Bxc4 O-O 10.a3 e5 11.d5 Na5 12.Ba2 c5 13.Nb5 b6 14.Nxd6 Qxd6 15.e4 Nb7
16.O-O Rfe8 17.Qe2 Qe7 18.b4 Nd6 19.f3 cxb4 20.axb4 Rac8 21.Rfc1 Qb7 22.b5 Rc5
23.Bb4 Nd7 24.Bxc5 bxc5 25.Rab1 Rc8 26.Rb2 h6 27.Qf1 Qc7 28.Bc4 Nb6 29.Be2 c4
30.Qf2 Qd7 31.Rcb1 Rc7 32.Qe3 Qe7 33.Ra2 Ndc8 34.f4 Nd6 35.Bf3 f6 36.f5 Ne8
37.Kh2 Kf8 38.h4 Qc5 39.Qc1 Nd6 40.Ra5 c3 41.Qc2 Qe3 42.Qe2 c2 43.Re1 Qxe2
44.Bxe2 c1=Q 45.Rxc1 Rxc1 46.Rxa7 Nxe4 47.Ra6 Nxd5 48.b6 Nc5 49.Ra8+ Ke7
50.b7 Nxb7 51.Ra7 Rc7 52.Ba6  0-1

[Event "Biel op"]
[Site "Biel"]
[Date "1981.??.??"]
[Round "?"]
[White "Sinkovics, Peter"]
[Black "Leski, Marc"]
[Result "1-0"]
[WhiteElo "2300"]
[BlackElo "2235"]

1.d4 d5 2.c4 Nc6 3.Nf3 Bg4 4.cxd5 Bxf3 5.dxc6 Bxc6 6.Nc3 Nf6 7.f3 e5 8.dxe5 Nd7
9.Bf4 Bc5 10.e4 Qe7 11.Bb5 Bxb5 12.Nxb5 O-O-O 13.Nxc7 Kxc7 14.e6+ Kb6 15.Qb3+ Bb4+
16.Ke2 a5 17.exd7 Qxd7 18.Be3+ Ka6 19.a4 b5 20.Rhd1 bxa4 21.Rxd7 axb3 22.Ra7+ Kb5
23.Rb7+ Kc6 24.Rxf7 Rc8 25.f4 a4 26.Rxa4 Kb5 27.Raa7 Rc2+ 28.Kf3 Rb8 29.Rf5+ Kc6
30.Ra6+ Kd7 31.Rf7+ Ke8 32.Rxg7 Kf8 33.Rxh7 Kg8 34.Raa7  1-0

[Event "Biel"]
[Site "Biel"]
[Date "1981.??.??"]
[Round "?"]
[White "Toth, Bela"]
[Black "Cuartas, Carlos"]
[Result "1/2-1/2"]
[WhiteElo "2400"]
[BlackElo "2430"]

1.d4 d5 2.c4 Nc6 3.Nf3 Bg4 4.cxd5 Bxf3 5.dxc6 Bxc6 6.Nc3 Nf6 7.Bg5 Qd6 8.Qd3 O-O-O
9.Rd1 h6 10.Bh4 Qb4 11.Rd2 e6 12.e3 g5 13.Bg3 Nh5 14.a3 Qa5 15.f3 Nxg3 16.hxg3 f5
17.Qc4 Bd6 18.f4 a6 19.Qxe6+ Kb8 20.Qb3 h5 21.Bc4 h4 22.fxg5 Bxg3+ 23.Kd1 f4
24.e4 f3 25.gxf3 Bf4 26.Rd3 Qxg5 27.d5 Qg2 28.Re1 Bb5 29.Nxb5 axb5 30.Bxb5 Rh6
31.Bc6 Rxc6 32.dxc6 Rxd3+ 33.Qxd3 Qxb2 34.e5 h3 35.e6 h2 36.e7 Qc1+ 37.Ke2 Qb2+
38.Kd1 Qc1+ 39.Ke2 Qxe1+ 40.Kxe1 h1=Q+ 41.Ke2 Qh2+ 42.Kd1 Qg1+ 43.Ke2  1/2-1/2

[Event "Czestochowa"]
[Site "Czestochowa"]
[Date "1981.??.??"]
[Round "3"]
[White "Bugajski, Robert"]
[Black "Pinkas, Karol"]
[Result "0-1"]
[WhiteElo "2295"]
[BlackElo "2395"]

1.d4 d5 2.c4 Nc6 3.Nc3 dxc4 4.Nf3 Nf6 5.e4 Bg4 6.Be3 e6 7.Bxc4 Bb4 8.Qc2 O-O
9.O-O-O Bxc3 10.bxc3 Qe7 11.h3 Qa3+ 12.Qb2 Qxb2+ 13.Kxb2 Bh5 14.Bd3 Bg6 15.Nd2 Ne8
16.f4 Nd6 17.g4 Rfe8 18.Rde1 f6 19.h4 e5 20.f5 exd4 21.cxd4 Bf7 22.g5 Bh5
23.Rhg1 Kh8 24.Bf2 Rad8 25.a3 Rd7 26.Rc1 Red8 27.Rc5 Ne7 28.Rc3 c6 29.a4 Nf7
30.Bc4 c5 31.d5 b6 32.Bb5 Rc7 33.Nc4 Nc8 34.gxf6 gxf6 35.Rcg3 Ncd6 36.Rg7 Nxe4
37.d6 Rcc8 38.d7 Rb8 39.Be3 Neg5 40.R7xg5 fxg5 41.hxg5 a6 42.Bc6 b5 43.axb5 axb5
44.Na5 Ne5 45.Rh1 Bg4 46.g6 h5 47.f6 Nxg6 48.Bxc5 Ne5 49.Be7 Rxd7 50.Bxd7 Nxd7
51.f7 Kg7 52.Rf1 Bh3 53.Rf2 Be6 54.Nc6 Ra8 55.Kc3 Bxf7 56.Nd4 Rc8+ 57.Kd2 Re8
58.Bd6 Nf6 59.Rg2+ Kh7 60.Kc2 Ne4 61.Nxb5 Rc8+ 62.Kb2 Ra8 63.Kb1 Ra5  0-1

[Event "Lone Pine op"]
[Site "Lone Pine"]
[Date "1981.??.??"]
[Round "?"]
[White "Jussupow, Artur"]
[Black "Henley, Ron W"]
[Result "1/2-1/2"]
[WhiteElo "2575"]
[BlackElo "2440"]

1.d4 d5 2.c4 Nc6 3.Nc3 dxc4 4.e3 e5 5.d5 Nce7 6.Bxc4 Ng6 7.Bb5+ Bd7 8.Qb3 Rb8
9.e4 a6 10.Bxd7+ Qxd7 11.Nf3 Bc5 12.O-O Nf6 13.Qc4 Bd6 14.Ne2 Nh5 15.Ng3 Nxg3
16.fxg3 O-O 17.Be3 Rbc8 18.Rad1 h6 19.h3 Qe7 20.Nh2 c6 21.Qe2 cxd5 22.Rxd5 Bc5
23.Ng4 Rfd8 24.Bxc5 Rxc5 25.Rxd8+ Qxd8 26.Kh2 h5 27.Qf2 Rc7 28.Ne3 h4 29.gxh4 Qxh4
30.Qxh4 Nxh4 31.Rd1 Ng6 32.g3 Nf8 33.Kg2 Ne6 34.h4 Nd4 35.Rd2 Rc1 36.Rd1 Rc5
37.Rd2 Kf8 38.Ng4 f6 39.Nh2 Ke7 40.Nf3 Ne6 41.Ne1 Rc4 42.Kf3 Rc1 43.Kf2 Nc5
44.Re2 Ra1 45.b4 Ne6 46.Nf3 Rb1 47.a3 Ra1 48.Re3 Ra2+ 49.Ke1 Nc7 50.Nd2 Nb5
51.Nc4 Nd4 52.Kd1 Nb5 53.Rd3 Ke6 54.Re3 g6 55.Na5 Nd6 56.Nb3 b6 57.Nd2 f5
58.exf5+ Nxf5 59.Rd3 Ra1+ 60.Ke2 Nd4+ 61.Kf2 Rd1 62.Ke3 Kd5 63.a4 a5 64.bxa5 bxa5
65.g4 Rg1 66.Kf2 Rxg4 67.Rg3 Rxh4 68.Rxg6 Nc6 69.Nb1 Kc5 70.Nc3 Rc4 71.Rg3 Nb4
72.Ke2 Nd5 73.Nxd5 Kxd5 74.Ra3 Kc5 75.Kd3 Kb4 76.Ra1 e4+ 77.Kd2 Kb3 78.Ke3 Rxa4
79.Rb1+ Kc4 80.Kxe4 Rb4 81.Rc1+ Kb3+ 82.Kd3 Kb2 83.Rc2+ Ka3 84.Rc5 a4 85.Kc2 Ka2
86.Rc8 a3 87.Rc7 Rh4 88.Rc8 Rh2+ 89.Kc1 Rb2 90.Rc7  1/2-1/2

[Event "Vrnjacka Banja"]
[Site "Vrnjacka Banja"]
[Date "1981.??.??"]
[Round "7"]
[White "Djukic, Zeljko"]
[Black "Sahovic, Dragutin"]
[Result "1/2-1/2"]
[WhiteElo "2425"]
[BlackElo "2470"]

1.d4 d5 2.c4 Nc6 3.Nc3 e5 4.e3 exd4 5.exd4 Nf6 6.Nf3 Be7 7.Ne5 O-O 8.Be2 Be6
9.cxd5 Nxd5 10.Nxc6 bxc6 11.O-O Nxc3 12.bxc3 c5 13.Bf3 Bd5 14.dxc5 Bxf3 15.Qxf3 Bxc5
16.Be3 Bxe3  1/2-1/2

[Event "Yerevan"]
[Site "Yerevan"]
[Date "1981.??.??"]
[Round "5"]
[White "Itkis, Boris"]
[Black "Rositsan, Max"]
[Result "1-0"]
[WhiteElo "2275"]
[BlackElo "2200"]

1.d4 d5 2.c4 Nc6 3.Nf3 Bg4 4.cxd5 Bxf3 5.dxc6 Bxc6 6.Nc3 e6 7.e4 Bb4 8.f3 f5
9.Bc4 Qe7 10.O-O O-O-O 11.Qb3 fxe4 12.Bxe6+ Bd7 13.Bxd7+ Rxd7 14.Nd5 Rxd5
15.Qxd5 Nf6 16.Qf5+ Kb8 17.fxe4 Nxe4 18.Bf4 Rd8 19.a3 Ba5  1-0

[Event "Futurity"]
[Site "Chicago"]
[Date "1982.??.??"]
[Round "6"]
[White "Martinovsky, Eugene"]
[Black "Chow, Albert"]
[Result "0-1"]
[WhiteElo "2200"]
[BlackElo "2200"]

1.d4 d5 2.c4 Nc6 3.cxd5 Qxd5 4.Nf3 e5 5.Nc3 Bb4 6.a3 Bxc3+ 7.bxc3 exd4 8.cxd4 Bg4
9.e3 Nf6 10.Bd3 O-O 11.Rb1 Rfe8 12.O-O b6 13.Rb5 Qd7 14.h3 a6 15.Rg5 Bh5
16.d5 Ne7 17.Bb2 Bg6 18.e4 c6 19.Ne5 Qc7 20.dxc6 Nxc6 21.Qc2 Rac8 22.Nxg6 hxg6
23.Rc1 Qf4 24.Rg3 b5 25.Rf3 Qd6 26.Re3 Qe6 27.Qb1 Ne5 28.Bf1 Nc4 29.Bxc4 Rxc4
30.Rxc4 bxc4 31.Qe1 Nxe4 32.f3 Qb6 33.Bc1 Nf6 34.Qf2 Rxe3 35.Bxe3 Qb1+ 36.Kh2 c3
37.Qh4 Qd3 38.Bc1 c2 39.Qf4 Nd5 40.Qd6 Qc4 41.f4 Kh7 42.Qd8 f6 43.Qd6 Nc3
44.f5 gxf5 45.Qd7 Qd5 46.Qc8 Qe5+ 47.Kg1 Ne2+ 48.Kf2 Nxc1 49.Qxc2 Qf4+ 50.Ke1 Qe4+
51.Kd2 Qxg2+  0-1

[Event "Esbjerg-B"]
[Site "Esbjerg"]
[Date "1982.??.??"]
[Round "7"]
[White "Brinck Claussen, Bjorn"]
[Black "Rewitz, Poul"]
[Result "1-0"]
[WhiteElo "2380"]
[BlackElo "2200"]

1.d4 d5 2.c4 Nc6 3.Nc3 e5 4.cxd5 Nxd4 5.e3 Nf5 6.Nf3 Bd6 7.e4 Nfe7 8.Bb5+ Bd7
9.Bxd7+ Qxd7 10.O-O h6 11.Qb3 Rb8 12.Be3 Nc8 13.Ne1 Nge7 14.Nd3 g5 15.Nb5 a6
16.Nxd6+ cxd6 17.Rac1 Ng6 18.Bb6 Nxb6 19.Qxb6 O-O 20.Rc7 Qd8 21.Rfc1 Re8
22.Qa7 Re7 23.Qxb8 Qxb8 24.Rc8+ Qxc8 25.Rxc8+ Nf8 26.Nb4 Rd7 27.Nc2 Kg7 28.Ne3 Ng6
29.Nf5+ Kf6 30.Nxh6 Ne7 31.Rc3 Kg6 32.Ng4 f5 33.exf5+ Nxf5 34.Kf1 Nd4 35.Ne3 Nf5
36.Ke2 Nxe3 37.Kxe3 Kf5 38.Rc8 Rh7 39.Rf8+ Kg6 40.Rd8 Rxh2 41.g4 Rg2 42.Kf3 Rg1
43.Rxd6+ Kf7 44.Rb6 Re1 45.Rxb7+ Kf8 46.Rb4 Ke7 47.Re4  1-0

[Event "Luzern ol (Men)"]
[Site "Luzern"]
[Date "1982.??.??"]
[Round "4"]
[White "Houshan, A."]
[Black "Wittmann, Walter"]
[Result "0-1"]
[WhiteElo "2225"]
[BlackElo "2415"]

1.d4 d5 2.c4 Nc6 3.Nf3 Bg4 4.cxd5 Bxf3 5.dxc6 Bxc6 6.Nc3 e6 7.e4 Bb4 8.f3 Qh4+
9.g3 Qh5 10.Bg2 O-O-O 11.a3 Bc5 12.Ne2 Bb6 13.Nf4 Qa5+ 14.Bd2 Qb5 15.Bc3 Nf6
16.a4 Qg5 17.e5 Nd5 18.Nxd5 Bxd5 19.Bd2 Qg6 20.Be3 a6 21.a5 Ba7 22.O-O h5
23.Rc1 Rd7 24.Rf2 h4 25.g4 f6 26.exf6 gxf6 27.Bf1 e5 28.Bd3 e4 29.fxe4 Bxe4
30.Bxe4 Qxe4 31.Qf3 Re8 32.Rc3 Bxd4 33.Bxd4 Qxd4 34.h3 Re1+ 35.Kg2 Rb1 36.Rb3 c6
37.Qxf6 Qd1 38.Qf8+ Rd8 39.Qf5+ Kb8 40.Rf1 Qxb3 41.Rxb1 Rd2+ 42.Kf1 Qxh3+
43.Ke1 Qe3+ 44.Kf1 Qe2+  0-1

[Event "Bohemians"]
[Site "Prague"]
[Date "1982.??.??"]
[Round "9"]
[White "Padevsky, Nikola"]
[Black "Cuartas, Carlos"]
[Result "0-1"]
[WhiteElo "2435"]
[BlackElo "2435"]

1.d4 d5 2.c4 Nc6 3.e3 Nf6 4.Nc3 dxc4 5.Bxc4 e5 6.Nf3 exd4 7.exd4 Bd6 8.h3 O-O
9.O-O h6 10.a3 Bf5 11.Re1 Re8 12.Rxe8+ Qxe8 13.Nh4 Bh7 14.Be3 Rd8 15.Qf3 Be4
16.Nxe4 Qxe4 17.Qxe4 Nxe4 18.Nf3 a6 19.Rc1 Ne7 20.Ne5 Bxe5 21.dxe5 c6 22.g4 Nd2
23.Be2 Rd5 24.f4 g5 25.Rc2 Ne4 26.Bc4 Rd1+ 27.Kh2 Nd5 28.Bxd5 cxd5 29.Kg2 Rd3
30.Bc1 Rg3+ 31.Kh2 Kg7 32.fxg5 hxg5 33.Bxg5 Rf3 34.Bc1 d4 35.Re2 Nc5 36.Kg2 Rd3
37.Kf1 Rxh3 38.Bg5 d3 39.Re1 Rh2  0-1